The student EQ edge : (Record no. 117930)
[ view plain ]
| 000 -LEADER | |
|---|---|
| fixed length control field | 00663nam a2200193Ia 4500 |
| 008 - FIXED-LENGTH DATA ELEMENTS--GENERAL INFORMATION | |
| fixed length control field | 140609s9999 xx 000 0 und d |
| 020 ## - INTERNATIONAL STANDARD BOOK NUMBER | |
| International Standard Book Number | 9781118094594 |
| 050 ## - LIBRARY OF CONGRESS CALL NUMBER | |
| Classification number | BF 576 |
| Item number | .St737 2013 |
| 100 ## - MAIN ENTRY--PERSONAL NAME | |
| Personal name | Stein, Steven J. |
| 245 ## - TITLE STATEMENT | |
| Title | The student EQ edge : |
| Remainder of title | emotional intelligence and youracademic and personal success / |
| Statement of responsibility, etc | Steven J. Stein, Howard E. Book, and Korrel Kanoy |
| 260 ## - PUBLICATION, DISTRIBUTION, ETC. (IMPRINT) | |
| Place of publication, distribution, etc | San Francisco, CA : |
| Name of publisher, distributor, etc | Jossey-Bass, |
| Date of publication, distribution, etc | c2013. |
| 300 ## - PHYSICAL DESCRIPTION | |
| Extent | 324 p. : |
| Other physical details | ill. ; |
| Dimensions | 23 cm. |
| 500 ## - GENERAL NOTE | |
| General note | Includes bibliographical references and index. |
| 521 ## - TARGET AUDIENCE NOTE | |
| Target audience note | |
| 650 ## - SUBJECT ADDED ENTRY--TOPICAL TERM | |
| Topical term or geographic name as entry element | Psychological aspects. |
| 650 ## - SUBJECT ADDED ENTRY--TOPICAL TERM | |
| General subdivision | Success |
| 942 ## - ADDED ENTRY ELEMENTS (KOHA) | |
| Call number prefix | Foreign |
| Koha item type | Books |
| Withdrawn status | Lost status | Damaged status | Home library | Current library | Shelving location | Date acquired | Total Checkouts | Total Renewals | Full call number | Barcode | Date last seen | Date checked out | Price effective from | Koha item type |
|---|---|---|---|---|---|---|---|---|---|---|---|---|---|---|
| College Library | College Library | Reserve Section | 06/09/2014 | 4 | 9 | BF 576 .St737 2013 | C18218 | 05/15/2018 | 11/11/2017 | 06/09/2014 | Books |